000 00341 a2200157 4500
001 171805
020 _a978-85-260-1993-5
040 _cMagnum
100 _aRey, Marcos
240 1 0 _aUm cadáver ouve rádio
_lpor
245 1 0 _aUm cadáver ouve rádio
300 _a122
362 0 _a2014
697 _aLITERATURA JUVENIL
942 _cBK
999 _c171805
_d171805